000
003300000a22001570004500
005
20120302065131.0
942
_c
BOOK
100
_a
Bhole, Keshavrao
245
_a
Patre Vasantkakanchi
250
_a
1st
260
_a
Pune:Venus Prakashan, 1964
300
_a
75p
040
_a
Mar
365
_b
10/-
650
_a
Sankeerna
999
_c
363982
_d
363979